German Nouns 1: People & School - Statistics

General Stats
  • This quiz has been taken 10 times
  • The average score is 24 of 51
Answer Stats
Hint Answer % Correct
book das Buch
100%
friend der Freund
100%
woman die Frau
100%
window das Fenster
89%
photo das Foto
89%
girl das Mädchen
89%
boy der Junge
89%
man der Mann
89%
question die Frage
89%
computer der Computer
78%
professor der Professor
78%
school die Schule
78%
problem das Problem
67%
teacher der Lehrer
67%
university student der Student
67%
table; desk der Tisch
67%
class die Klasse
67%
door die Tür
67%
university; college die Universität
67%
K-12 student der Schüler
56%
chair der Stuhl
56%
homework die Hausaufgabe
56%
clock die Uhr
56%
pencil der Bleistift
44%
calendar der Kalender
44%
library die Bibliothek
44%
map die Karte
44%
eraser der Radiergummi
33%
writing desk der Schreibtisch
33%
grade (on an assignment) die Note
33%
thing (starts with S) die Sache
33%
sheet of paper das Blatt Papier
22%
result; score das Ergebnis
22%
classroom das Klassenzimmer
22%
dictionary das Wörterbuch
22%
ballpoint pen (starts with K) der Kuli
22%
backpack der Rucksack
22%
calculator der Taschenrechner
22%
university cafeteria (starts with M) die Mensa
22%
note die Notiz
22%
lesson die Stunde
22%
notebook das Heft
11%
report card; grade report das Zeugnis
11%
K-12 classmate der Klassenkamerad
11%
fountain pen (starts with S) der Stift
11%
test; exam die Prüfung
11%
blackboard/whiteboard die Tafel
11%
university textbook das Lehrbuch
0%
K-12 textbook das Schulbuch
0%
university classmate der Kommilitone
0%
wastebasket der Papierkorb
0%
No matching quizzes found
Score Distribution
Percent of People with Each Score
Percentile by Number Answered
Your Score History
You have not taken this quiz